[Event "22nd Hoogeveen Open 2018"]
[Site "Hoogeveen"]
[Date "2018.10.20"]
[Round "1"]
[White "Blagojevic, Tijana"]
[Black "Kutchoukov, Daniel"]
[Result "1-0"]
[WhiteElo "2232"]
[BlackElo "1882"]
[Annotator "NA"]
[PlyCount "57"]
[EventDate "2018.10.20"]
[EventType "swiss"]
[EventCountry "NED"]
[SourceTitle "playchess.com"]
[Source "ChessBase"]
[SourceQuality "1"]
[TimeControl "40/5400+30:1800+30"]

1. e4 {[%emt 0:00:00]} c6 {[%emt 0:00:00]} 2. d4 {[%emt 0:00:00]} d5 {[%emt 0:00:00]} 3. e5 {[%emt 0:00:00]} Bf5 {[%emt 0:00:00]} 4. Nd2 {[%emt 0:00:00]} e6 {[%emt 0:00:00]} 5. Nb3 {[%emt 0:00:11]} Nd7 {[%emt 0:04:41]} 6. Nf3 {[%emt 0:00:16]} Ne7 {[%emt 0:05:28]} 7. Be2 $11 {[%emt 0:00:11]} h6 {[%emt 0:17:08]} 8. O-O {[%emt 0:00:39]} Bh7 {[%emt 0:02:30]} 9. a4 {[%emt 0:02:58]} Nf5 {[%emt 0:13:24]} 10. a5 {[%emt 0:04:03]} g5 {[%emt 0:00:48]} 11. Ne1 {[%emt 0:01:56]} Be7 {[%emt 0:03:06]} 12. Bd2 {[%emt 0:06:14]} O-O {[%emt 0:05:39]} 13. Nd3 {[%emt 0:07:08]} Qc7 {[%emt 0:07:09]} 14. Rc1 {[%emt 0:03:14]} f6 {[%emt 0:05:39]} 15. exf6 {[%emt 0:10:24]} Bxf6 {[%emt 0:01:43]} 16. Bb4 {[%emt 0:02:17]} Rfd8 {[%emt 0:25:17]} 17. Bg4 {[%emt 0:05:15]} e5 {[%emt 0:02:09]} 18. Nbc5 {[%emt 0:10:39]} Nxc5 {[%emt 0:01:06]} 19. Nxc5 {[%emt 0:00:24]} Re8 {[%emt 0:02:58]} 20. Qf3 {[%emt 0:20:33]} e4 {[%emt 0:00:09]} 21. Qh3 {[%emt 0:00:29]} Nxd4 {[%emt 0:01:03]} 22. c3 {[%emt 0:00:51]} Nb5 {[%emt 0:00:32]} 23. Qxh6 {[%emt 0:06:23]} Qg7 {[%emt 0:00:27]} 24. Qxg7+ {[%emt 0:01:44]} Kxg7 {[%emt 0:00:21]} 25. Nxb7 {[%emt 0:00:11]} Rab8 {[%emt 0:00:39]} 26. Bd7 {[%emt 0:01:38]} Rh8 {[%emt 0:00:33]} 27. Bxc6 {[%emt 0:00:29]} Nc7 {[%emt 0:00:30]} 28. Bd6 {[%emt 0:00:46]} Rhc8 {[%emt 0:00:29]} 29. Bd7 {[%emt 0:01:08]} 1-0

[Event "22nd Hoogeveen Open 2018"]
[Site "Hoogeveen"]
[Date "2018.10.20"]
[Round "1"]
[White "Elgersma, Onno"]
[Black "Brands, Kevin"]
[Result "1-0"]
[WhiteElo "2223"]
[BlackElo "1862"]
[Annotator "NA"]
[PlyCount "39"]
[EventDate "2018.10.20"]
[EventType "swiss"]
[EventCountry "NED"]
[SourceTitle "playchess.com"]
[Source "ChessBase"]
[SourceQuality "1"]
[TimeControl "40/5400+30:1800+30"]

1. e4 {[%emt 0:00:00]} c5 {[%emt 0:00:00]} 2. Nf3 {[%emt 0:00:00]} d6 {[%emt 0:00:00]} 3. d4 {[%emt 0:00:00]} cxd4 {[%emt 0:00:00]} 4. Nxd4 {[%emt 0:00:02]} Nf6 $14 {[%emt 0:00:00]} 5. Nc3 {[%emt 0:00:24]} a6 {[%emt 0:00:00]} 6. h3 {[%emt 0:00:21]} Bd7 {[%emt 0:03:04]} 7. g4 {[%emt 0:00:59]} h6 {[%emt 0:00:25]} 8. Bg2 {[%emt 0:01:46]} g6 {[%emt 0:01:52]} 9. Be3 {[%emt 0:02:04]} Bg7 {[%emt 0:02:02]} 10. Qd2 {[%emt 0:02:10]} Nc6 {[%emt 0:03:19]} 11. f4 {[%emt 0:05:39]} Nxd4 {[%emt 0:07:45]} 12. Bxd4 {[%emt 0:00:21]} e5 {[%emt 0:01:35]} 13. Be3 {[%emt 0:02:33]} O-O {[%emt 0:06:17]} 14. f5 {[%emt 0:05:56]} Bc6 {[%emt 0:08:52]} 15. O-O-O {[%emt 0:02:44]} Qa5 {[%emt 0:17:05]} 16. Bxh6 {[%emt 0:08:41]} Rac8 {[%emt 0:14:43]} 17. Kb1 {[%emt 0:09:52]} Bxh6 {[%emt 0:10:17]} 18. Qxh6 {[%emt 0:00:17]} b5 {[%emt 0:08:22]} 19. g5 {[%emt 0:02:09]} Nh5 {[%emt 0:01:01]} 20. fxg6 {[%emt 0:00:25]} 1-0

[Event "22nd Hoogeveen Open 2018"]
[Site "Hoogeveen"]
[Date "2018.10.20"]
[Round "1"]
[White "Zarkovic, Mila"]
[Black "Wedda, Dries"]
[Result "1/2-1/2"]
[WhiteElo "2213"]
[BlackElo "2216"]
[Annotator "NA"]
[PlyCount "60"]
[EventDate "2018.10.20"]
[EventType "swiss"]
[EventCountry "NED"]
[SourceTitle "playchess.com"]
[Source "ChessBase"]
[SourceQuality "1"]
[TimeControl "40/5400+30:1800+30"]

1. e4 {[%emt 0:00:00]} c5 {[%emt 0:00:00]} 2. Nf3 {[%emt 0:00:00]} d6 {[%emt 0:00:00]} 3. d4 {[%emt 0:00:00]} cxd4 {[%emt 0:00:00]} 4. Nxd4 {[%emt 0:00:00]} Nf6 $14 {[%emt 0:00:00]} 5. Nc3 {[%emt 0:00:00]} a6 {[%emt 0:00:00]} 6. Be2 {[%emt 0:00:49]} e5 {[%emt 0:00:00]} 7. Nb3 {[%emt 0:00:07]} Be7 {[%emt 0:00:18]} 8. O-O {[%emt 0:00:08]} O-O {[%emt 0:00:23]} 9. Bf3 {[%emt 0:00:18]} Be6 {[%emt 0:07:39]} 10. Re1 {[%emt 0:00:09]} Nbd7 {[%emt 0:06:10]} 11. a4 {[%emt 0:00:10]} b6 {[%emt 0:09:43]} 12. Nd2 {[%emt 0:03:01]} Nb8 {[%emt 0:10:25]} 13. Nf1 {[%emt 0:07:31]} Nc6 {[%emt 0:00:33]} 14. Bg5 {[%emt 0:14:32]} Qc7 {[%emt 0:04:37]} 15. Ne3 {[%emt 0:10:01]} Nb4 {[%emt 0:05:54]} 16. Re2 {[%emt 0:24:49]} Rad8 {[%emt 0:10:20]} 17. Bxf6 {[%emt 0:15:49]} Bxf6 {[%emt 0:00:54]} 18. Ncd5 {[%emt 0:00:49]} Nxd5 {[%emt 0:00:27]} 19. Nxd5 {[%emt 0:00:43]} Bxd5 {[%emt 0:00:09]} 20. Qxd5 {[%emt 0:00:13]} Qc5 {[%emt 0:02:55]} 21. Rd1 {[%emt 0:01:48]} Qxd5 {[%emt 0:02:01]} 22. Rd3 {[%emt 0:00:13]} Qd4 23. Rxd4 {[%emt 0:00:30]} Be7 {[%emt 0:00:39]} 24. Rd5 {[%emt 0:02:59]} Rc8 {[%emt 0:02:23]} 25. c4 {[%emt 0:04:07]} Rc5 {[%emt 0:08:24]} 26. b3 {[%emt 0:00:24]} Re8 {[%emt 0:07:05]} 27. Red2 Rec8 {[%emt 0:00:07]} 28. Be2 {[%emt 0:04:39]} Rxd5 {[%emt 0:05:12]} 29. Rxd5 {[%emt 0:00:11]} Rc5 {[%emt 0:01:26]} 30. b4 {[%emt 0:05:22]} Rxd5 {[%emt 0:00:16]} 1/2-1/2

[Event "22nd Hoogeveen Open 2018"]
[Site "Hoogeveen"]
[Date "2018.10.20"]
[Round "1"]
[White "Konings, Frans"]
[Black "Boghossian, Wahe"]
[Result "1-0"]
[WhiteElo "2195"]
[BlackElo "1748"]
[Annotator "NA"]
[PlyCount "43"]
[EventDate "2018.10.20"]
[EventType "swiss"]
[EventCountry "NED"]
[SourceTitle "playchess.com"]
[Source "ChessBase"]
[SourceQuality "1"]
[TimeControl "40/5400+30:1800+30"]

1. d4 {[%emt 0:00:00]} Nf6 {[%emt 0:00:00]} 2. c4 {[%emt 0:00:00]} e6 {[%emt 0:00:00]} 3. Nc3 {[%emt 0:00:13]} c5 {[%emt 0:00:00]} 4. d5 {[%emt 0:00:28]} d6 {[%emt 0:00:05]} 5. e4 {[%emt 0:01:53]} exd5 {[%emt 0:00:13]} 6. exd5 {[%emt 0:01:40]} a6 {[%emt 0:10:23]} 7. a4 {[%emt 0:01:01]} Nbd7 $11 {[%emt 0:00:53]} 8. Nf3 {[%emt 0:00:15]} g6 {[%emt 0:00:56]} 9. Bd3 {[%emt 0:00:21]} Bg7 {[%emt 0:00:26]} 10. O-O {[%emt 0:00:08]} O-O {[%emt 0:00:53]} 11. Bg5 {[%emt 0:00:07]} Qc7 {[%emt 0:11:08]} 12. h3 {[%emt 0:03:20]} Re8 {[%emt 0:04:06]} 13. Qd2 {[%emt 0:00:53]} Ne5 {[%emt 0:12:38]} 14. Nxe5 {[%emt 0:00:21]} Rxe5 {[%emt 0:03:04]} 15. f4 {[%emt 0:01:02]} Re8 {[%emt 0:02:22]} 16. f5 {[%emt 0:06:28]} Nd7 {[%emt 0:26:41]} 17. Ne4 {[%emt 0:13:49]} Be5 {[%emt 0:14:48]} 18. f6 {[%emt 0:01:48]} Qb6 {[%emt 0:02:42]} 19. Bh4 {[%emt 0:00:13]} Qxb2 {[%emt 0:00:33]} 20. Qh6 {[%emt 0:00:17]} Bxf6 {[%emt 0:05:16]} 21. Nxf6+ {[%emt 0:00:10]} Nxf6 {[%emt 0:00:25]} 22. Bxf6 {[%emt 0:00:06]} 1-0

[Event "22nd Hoogeveen Open 2018"]
[Site "Hoogeveen"]
[Date "2018.10.20"]
[Round "1"]
[White "Damen, Jip"]
[Black "Amin, Bassem"]
[Result "0-1"]
[WhiteElo "2192"]
[BlackElo "2686"]
[Annotator "TA"]
[PlyCount "86"]
[EventDate "2018.10.20"]
[EventType "swiss"]
[EventCountry "NED"]
[SourceTitle "playchess.com"]
[Source "ChessBase"]
[SourceQuality "1"]

{[%evp 25,85,13,36,-29,-30,-33,-17,-24,-29,-29,-4,-29,-25,-55,-60,-58,-52,-59,-58,-48,-37,-70,-72,-62,-44,-63,-51,-54,-44,-79,-79,-74,-63,-106,-104,-163,-165,-164,-162,-163,-177,-224,-224,-266,-261,-446,-425,-535,-530,-538,-524,-482,-391,-457,-450,-450,-443,-996,-888,-4134,-4133,-29999]} 1. e4 e5 2. Nf3 Nc6 3. Bb5 a6 4. Ba4 Nf6 5. O-O Be7 6. d3 d6 7. c3 O-O 8. Re1 Re8 9. Nbd2 {[%cal Bb1d2,Bd2f1,Bf1g3][%mdl 32]} Bf8 10. Nf1 h6 11. Ng3 b5 {C77: Ruy Lopez: 3...a6 4 Ba4 Nf6, unusual lines} 12. Bc2 d5 13. exd5 (13. a4 dxe4 14. dxe4 Qxd1 15. Bxd1 b4 16. h3 bxc3 17. bxc3 Rb8 18. a5 Na7 19. Ba4 {0-1 (79) Vachier Lagrave,M (2779)-Dominguez Perez,L (2739) chess.com INT 2018}) 13... Nxd5 {LiveBook: 9 Games. The position is equal.} 14. d4 (14. Bd2 $14) 14... exd4 $1 $11 15. Rxe8 Qxe8 16. Nxd4 Nxd4 17. Qxd4 Qe1+ 18. Nf1 $146 Bb7 19. Qe4 Qxe4 20. Bxe4 Re8 21. Bxd5 Bxd5 22. Be3 f5 {[%cal Bf7f5,Bf5f4][%mdl 32]} 23. b3 g5 24. Rd1 c6 25. Bb6 f4 26. Nd2 Bg7 27. Bd4 Bxd4 28. cxd4 $17 {[%mdl 4096] Endgame KRB-KRN} a5 29. a4 Rd8 30. axb5 (30. Ra1 $17) 30... cxb5 $19 31. Ra1 Be6 32. Rxa5 Rxd4 33. Nf1 b4 {[%cal Bb5b4,Bb4b3][%mdl 32]} ({Much less strong is} 33... Bxb3 34. Rxb5 Be6 35. Rb1 $17) 34. h4 gxh4 35. Ra2 $2 (35. f3) 35... Bxb3 36. Rb2 Bd5 37. Nd2 {[#]} b3 $1 38. Kh2 (38. Nxb3 Rb4) 38... Ra4 39. Rb1 Ra2 40. Nxb3 Rxf2 41. Kh3 (41. Nd4 $142 Rxg2+ 42. Kh3) 41... Be6+ 42. Kxh4 Rxg2 {[%cal Rg2h2] [#]} 43. Nd4 Rh2# {Precision: White = 19%, Black = 75%.} 0-1

[Event "22nd Hoogeveen Open 2018"]
[Site "Hoogeveen"]
[Date "2018.10.20"]
[Round "1"]
[White "Hulshof, Peter"]
[Black "Guseinov, Gadir"]
[Result "0-1"]
[WhiteElo "2168"]
[BlackElo "2667"]
[Annotator "TA"]
[PlyCount "48"]
[EventDate "2018.10.20"]
[EventType "swiss"]
[EventCountry "NED"]
[SourceTitle "playchess.com"]
[Source "ChessBase"]
[SourceQuality "1"]

{[%evp 22,47,8,6,18,-33,-35,-44,-1,-36,-25,-62,-66,-67,-71,-105,-89,-251,-243,-260,-256,-347,-321,-1889,-1857,-29991,-29992,-29999]} 1. e4 c5 2. Nc3 g6 3. g3 Bg7 4. Bg2 Nc6 5. d3 {[%cal Bd2d3,Bd3d4][%mdl 32]} d6 6. f4 e6 {[%cal Be7e6,Be6d5,Bd5d4,Bd4e3][%mdl 32]} 7. Nf3 Nge7 {[%cal Bg8e7,Be7f5,Bf5e3][%mdl 32]} 8. O-O O-O 9. Be3 b6 10. d4 d5 11. exd5 exd5 12. dxc5 {LiveBook: 4 Games. B25: Closed Sicilian: 3 g3, lines without early Be3} Nf5 13. Bf2 ({White should play} 13. Nxd5 $11 Be6 14. g4) 13... d4 $15 14. Ne4 {Black is slightly better.} bxc5 15. Nxc5 Qb6 16. Nd3 $146 ({Predecessor:} 16. Na4 Qa5 17. c3 Ne3 18. Bxe3 dxe3 19. Re1 Rd8 20. b4 Nxb4 21. Nd4 Rb8 22. Rxe3 Bf5 23. cxb4 Qxb4 {0-1 (25) Kulesza,M (2277)-Czarnota,P (2575) Chotowa 2007}) 16... Ne3 17. Bxe3 dxe3 18. Kh1 Ba6 $36 {[%mdl 2048] Black is in control.} 19. Nfe5 $2 (19. a3 $17) 19... Bxe5 $19 20. fxe5 {[#]} Nxe5 $1 {[%mdl 512]} 21. Bxa8 (21. Nxe5 e2) 21... Rxa8 22. Qe2 $2 (22. Nxe5 e2 23. Qd7 (23. Qd5 $2 exf1=Q+ 24. Rxf1 Bb7 $19) 23... Bb7+ 24. Nf3 (24. Rf3 $2 Bxf3+ 25. Nxf3 Rd8 $19)) 22... Bb7+ 23. Kg1 Qc6 {[%csl Gb7][%cal Rc6h1]} 24. Nxe5 Qh1# {Precision: White = 10%, Black = 67%.} 0-1

[Event "22nd Hoogeveen Open 2018"]
[Site "Hoogeveen"]
[Date "2018.10.20"]
[Round "1"]
[White "Rakshitta, Ravi"]
[Black "Van Den Doel, Erik"]
[Result "0-1"]
[WhiteElo "2160"]
[BlackElo "2607"]
[Annotator "TA"]
[PlyCount "83"]
[EventDate "2018.10.20"]
[EventType "swiss"]
[EventCountry "NED"]
[SourceTitle "playchess.com"]
[Source "ChessBase"]
[SourceQuality "1"]

{[%evp 18,83,17,18,40,0,0,9,28,31,35,37,37,45,48,43,47,65,106,52,87,41,49,36,32,24,35,32,28,13,15,12,28,2,11,0,0,0,32,0,5,1,25,-75,-75,-75,-78,-75,-75,-71,-69,-75,-75,-75,-75,-75,-75,-104,-58,-58,-60,-75,-75,-85,-85,-85,-85,-99]} 1. e4 c5 2. Nf3 e6 3. d4 cxd4 4. Nxd4 Nc6 5. Nc3 d6 6. g3 Nf6 7. Bg2 Be7 8. O-O O-O 9. Re1 Bd7 10. Nxc6 {LiveBook: 47 Games} bxc6 {B80: Sicilian Scheveningen: 6 g3 and 6 Be3, including English Attack} (10... Bxc6 11. Be3 Qc7 12. a4 a6 13. a5 Rac8 14. Bb6 Qb8 15. Nd5 exd5 16. exd5 Nxd5 17. Bxd5 Bf6 18. c3 Bxd5 19. Qxd5 Rfe8 20. Rad1 Rc6 21. Qf5 Rxe1+ 22. Rxe1 Qc8 {½-½ (33) Simacek,P (2490)-Czarnota,P (2556) Legnica 2017}) 11. e5 dxe5 $1 12. Rxe5 Rb8 $146 {The position is equal.} ({Predecessor:} 12... Qc7 13. Re1 Rfd8 14. Bg5 h6 15. Bf4 Qb7 16. Be5 Be8 17. Qe2 Nd7 18. Bd4 {½-½ (67) Pergel,L (2030)-Kasimdzhanov,R (2360) Szeged 1994}) 13. Re1 Qa5 14. Ne4 Nxe4 15. Rxe4 Rfd8 16. Bd2 Qb6 17. Bc3 f6 18. Qe1 (18. Bf1 $16) 18... Bc5 $14 19. Re2 Qc7 20. Rd1 e5 21. Ba5 Bb6 22. Bxb6 axb6 23. Qc3 Be8 24. Red2 c5 25. Qc4+ Kf8 26. Qh4 Bg6 27. Bd5 b5 28. Qh3 Qd7 29. Qg2 Qf5 30. Bb7 (30. Qf1 $11 Qd7 31. f4) 30... Rxd2 $17 31. Rxd2 {And now Qd5 would win.} e4 $36 {[%mdl 2048] Black is on the roll.} 32. Bc6 {[#]} Qe6 $1 {[%cal Re6c6]} 33. Bd5 Qe5 34. c4 bxc4 35. Bxc4 Rxb2 36. Rxb2 Qxb2 37. Qf1 Bh5 38. a4 Qc3 39. a5 Qxa5 {...Qc3 is the strong threat.Black is better.} 40. Qb1 Qa8 41. Qb6 {[#]} Qa1+ $1 42. Kg2 {Precision: White = 46%, Black = 70%.} 0-1

[Event "22nd Hoogeveen Open 2018"]
[Site "Hoogeveen"]
[Date "2018.10.20"]
[Round "1"]
[White "Clemens, Adrian"]
[Black "Pruijssers, Roeland"]
[Result "0-1"]
[WhiteElo "2153"]
[BlackElo "2501"]
[Annotator "TA"]
[PlyCount "64"]
[EventDate "2018.10.20"]
[EventType "swiss"]
[EventCountry "NED"]
[SourceTitle "playchess.com"]
[Source "ChessBase"]
[SourceQuality "1"]

{[%evp 17,64,39,28,0,24,5,12,0,19,-16,43,44,39,35,18,18,54,54,47,24,43,4,33,-13,19,-16,-16,-74,-69,-85,-83,-118,-101,-131,-131,-125,-117,-194,-179,-273,-267,-316,-335,-331,-320,-638,-619,-633,-616]} 1. d4 f5 2. g3 Nf6 3. Bg2 g6 4. Nf3 Bg7 5. O-O O-O 6. b3 e6 7. Bb2 d6 8. c4 {A81: Dutch Defence: 2 g3} Qe7 9. Nc3 c6 {LiveBook: 5 Games} 10. Qc2 {White has an edge.} (10. a4 Rd8 11. Qc2 {1-0 (69) Hou,Y (2653)-Muzychuk,M (2545) Hancheng 2016}) 10... e5 11. dxe5 dxe5 12. e4 f4 $146 ({Predecessor:} 12... Na6 13. exf5 Bxf5 14. Qe2 Rae8 15. Rfe1 Nb4 {0-1 (83) Havanecz,B (2244)-Lyell,M (2274) Budapest 2015}) 13. Qc1 Qc7 (13... Na6 $11) 14. Ba3 {aiming for gxf4.} Re8 15. Rd1 {And now Bd6 would win.} fxg3 16. hxg3 {Black must now prevent Bd6.} Ng4 {[%cal Bf6g4,Bg4h6,Bh6f7,Bf7g5][%mdl 32]} 17. Bd6 Qf7 $1 18. Qc2 Nd7 {[%cal Bb8d7,Bd7f8,Bf8e6,Be6d4,Bd4e6,Be6c5,Bc5d3][%mdl 32]} 19. Qe2 {[#] Strongly threatening Ng5.} Nf8 20. c5 Nh6 21. Nh2 Ne6 22. Qc4 (22. Rac1 $1 $11) 22... Nd4 $17 23. Qxf7+ Nxf7 24. Bc7 Ne6 25. Ba5 Nxc5 26. Ne2 b6 $36 {[%mdl 2048] Black is really pushing.} 27. Bc3 (27. Bd2 $17 {might work better.}) 27... Ba6 $19 28. Kf1 (28. Rd2 {keeps fighting.}) 28... Ng5 {Threatens to win with ...Rf8.} 29. f3 Rf8 30. Ke1 Nd3+ 31. Kd2 $2 {[#]} (31. Rxd3 Bxd3 32. Rc1) 31... Nxe4+ $1 {[%mdl 512]} 32. fxe4 Rf2 {Precision: White = 28%, Black = 69%.} 0-1

[Event "22nd Hoogeveen Open 2018"]
[Site "Hoogeveen"]
[Date "2018.10.20"]
[Round "1"]
[White "Pham, Khoi"]
[Black "Kuipers, Stefan"]
[Result "0-1"]
[WhiteElo "2153"]
[BlackElo "2467"]
[Annotator "TA"]
[PlyCount "26"]
[EventDate "2018.10.20"]
[EventType "swiss"]
[EventCountry "NED"]
[SourceTitle "playchess.com"]
[Source "ChessBase"]
[SourceQuality "1"]

{[%evp 21,26,-4,-12,-20,-23,-1775,-1755]} 1. e4 e6 2. d4 d5 3. Nc3 Nf6 4. e5 Nfd7 5. f4 c5 6. Nf3 Nc6 7. Be3 a6 8. Qd2 b5 9. dxc5 Bxc5 10. Bxc5 Nxc5 11. Qf2 Qb6 12. Ne2 $146 {C11: French: Classical System: 4 e5 and 4 Bg5 dxe4} ({Predecessor:} 12. Bd3 b4 13. Ne2 a5 14. O-O Ba6 15. f5 exf5 16. Nf4 O-O 17. Bxa6 Rxa6 18. Nxd5 Qa7 19. Kh1 Ne4 20. Qh4 Re8 21. Ng5 Nxg5 22. Qxg5 Nxe5 23. Rxf5 {½-½ (58) Bartel,M (2641)-Potkin,V (2597) Tallinn 2016}) 12... Qa5+ 13. c3 $2 {[%mdl 8192] [#]} (13. Nd2 $11 Ne4 14. Qe3) 13... Nd3+ 0-1

[Event "22nd Hoogeveen Open 2018"]
[Site "Hoogeveen"]
[Date "2018.10.20"]
[Round "1"]
[White "Mellema, Andries"]
[Black "Beerdsen, Thomas"]
[Result "0-1"]
[WhiteElo "2140"]
[BlackElo "2460"]
[Annotator "TA"]
[PlyCount "58"]
[EventDate "2018.10.20"]
[EventType "swiss"]
[EventCountry "NED"]
[SourceTitle "playchess.com"]
[Source "ChessBase"]
[SourceQuality "1"]

{[%evp 9,58,0,0,0,0,0,29,0,1,-11,1,0,4,-26,0,0,0,-41,-40,-43,-41,-79,-83,-107,-43,-48,-35,-35,-27,-170,-168,-168,-164,-160,-169,-162,-170,-173,-173,-173,-168,-164,-160,-150,-113,-236,-215,-289,-306,-1397,-1420]} 1. e4 c5 2. b3 e6 3. Bb2 b6 4. g3 Bb7 5. Bg2 Nf6 6. d3 {B20: Sicilian: Unusual White 2nd moves} d5 7. exd5 $146 ({Predecessor:} 7. e5 Nfd7 8. f4 Nc6 9. Nf3 Be7 10. O-O O-O {½-½ (55) Lugovskoy,M (2489)-Schekachikhin,M (2285) Moscow 2016}) 7... Bxd5 8. Bxd5 {White has an edge.} Qxd5 9. Qf3 Nc6 10. Nc3 Qd7 $36 {[%mdl 2048] Black fights for an advantage.} 11. Nge2 Rc8 {White must now prevent ...Nd4.} 12. Ne4 {aiming for Qxf6!} Nd5 13. Rc1 e5 14. O-O Be7 15. Qh5 O-O 16. Ng5 {[%csl Gg5][%cal Rh5h7]} Nf6 ({Black should try} 16... h6 $17 17. Ne4 f5) 17. Qh3 $1 $15 Nd4 18. Nxd4 cxd4 19. c3 {[#]} (19. Rfe1 $11) 19... dxc3 $1 $19 20. Rxc3 Rxc3 21. Bxc3 Qxd3 22. Bxe5 {[#]} h6 $1 {[%cal Rh6g5]} 23. g4 Qxh3 24. Nxh3 Nxg4 25. Bg3 Rd8 26. Rc1 Bc5 {Threatens to win with ...a5.} 27. Rc2 (27. b4 $17 Bd4 28. Kg2) 27... g5 28. Kh1 f5 29. f3 $2 (29. Kg2) 29... Rd1+ {Precision: White = 37%, Black = 63%.} 0-1

[Event "22nd Hoogeveen Open 2018"]
[Site "Hoogeveen"]
[Date "2018.10.20"]
[Round "1"]
[White "Thrish Karthik"]
[Black "Shyaamnikhil P"]
[Result "1/2-1/2"]
[WhiteElo "2116"]
[BlackElo "2429"]
[Annotator "TA"]
[PlyCount "77"]
[EventDate "2018.10.20"]
[EventType "swiss"]
[EventCountry "NED"]
[SourceTitle "playchess.com"]
[Source "ChessBase"]
[SourceQuality "1"]

{[%evp 12,77,49,23,61,49,61,59,59,52,81,81,66,66,100,91,98,71,101,100,94,37,35,32,37,32,33,25,26,0,0,0,0,-18,-11,-18,-11,-8,-18,-18,0,0,31,23,19,18,13,7,10,5,5,0,0,0,0,0,0,0,0,0,0,0,0,0,0,0,0,0]} 1. d4 c5 2. d5 g6 3. e4 Bg7 4. Nf3 d6 5. Be2 Nf6 6. Nc3 O-O 7. Nd2 {LiveBook: 40 Games. A43: Schmid Benoni} (7. O-O Bg4 8. Bg5 Nbd7 9. Nd2 Bxe2 10. Qxe2 Qb6 11. Nc4 Qa6 12. a4 Nb6 13. Nb5 Nxc4 14. Qxc4 Qa5 15. Qd3 a6 16. Bd2 c4 {½-½ (16) Markus,R (2671)-Ivanisevic,I (2630) Kragujevac 2017}) 7... Nbd7 {[%cal Bb8d7,Bd7e5,Be5c6][%mdl 32]} 8. O-O Ne8 9. a4 {White is slightly better.} e6 10. Nc4 Ne5 11. Ne3 $146 ({Predecessor:} 11. Bf4 Nxc4 12. Bxc4 e5 13. Be3 f5 14. exf5 gxf5 15. f4 {½-½ (53) Dogan,N (2213)-Kerigan,D (2406) Kocaeli 2015}) 11... exd5 12. Ncxd5 Nc6 13. c3 Ne7 14. Bc4 Nc7 15. Nxc7 Qxc7 16. Nd5 (16. f4 $16) 16... Nxd5 $14 17. Bxd5 Be6 18. Bf4 {[#] Black must now prevent Bxe6.} Rfe8 19. a5 Rab8 20. a6 Bxd5 21. Qxd5 Be5 22. Bc1 b5 23. Be3 Rb6 24. f4 Bg7 25. e5 dxe5 26. Qxc5 Qxc5 27. Bxc5 Rc6 28. Bxa7 {[#] Threatens to win with Bf2.The position is equal.} Ra8 29. Be3 {Strongly threatening a7.} Rcxa6 30. Rxa6 Rxa6 31. fxe5 Bxe5 $11 {[%mdl 4096] Endgame KRB-KRB} 32. Bf4 Bg7 33. Rd1 {White wants to mate with Rd8+.} h6 34. Rd5 Ra1+ 35. Kf2 Ra2 36. Rxb5 Bxc3 $1 37. Bxh6 Rxb2+ 38. Rxb2 Bxb2 39. Bd2 {Precision: White = 49%, Black = 68%.} 1/2-1/2